000 00498nam a2200181 a 4500
001 4213
003 CO-ViMGA
008 141112s2004 ck r 000 u spa d
040 _aCO-ViMGA
_bspa
_cCO-ViMGA
082 0 4 _a938 P370
100 1 _aPerez, Arturo
_954739
245 1 0 _aLa civilización griega
260 _aSantafé de Bogotá :
_bRei andes,
_c1988
300 _a96 p : il
490 _aColección biblitoeca básica. Serie historia
650 1 4 _aGRECIA - HISTORIA
_94967
942 _2ddc
_cBK
999 _c16227
_d16227